00595nam a2200193Ia 4500003000900000008004100009040001300050040001300063041000800076100002500084245002700109250001300136260001200149260000900161300001000170490003300180490000600213600018200219IT-RoPAU120407s9999 xx 000 0 und d aIT-RoPAU cIT-RoPAU aita aRudolf Schnackenburg aIl Vangelo di Giovanni aBrescia  aPaideia c1973 c23 cm aCommentario teologico del NT v4 a"1° v. Intr. e commento ai capp. 1-4 722 p. 2° v. Commento ai capp. 5-12 732 p. 3° v. Commento ai capp. 13-21 680 p. 4° v. Esegesi ed excursus integrativi 280 p. "